000 00286nam a2200109Ia 4500
008 171211s9999 xx 000 0 und d
245 _aEffective Modern C++
245 _cScott Meyers
260 _c2014
650 _xIT eBOOKS
856 _uhttp://down.ebook777.com/020/9781491903995.pdf
999 _c349805
_d349805